Normal view MARC view
  • Keskar D

Entry Personal Name

Number of records used in: 1

001 - CONTROL NUMBER

  • control field: 171457

003 - CONTROL NUMBER IDENTIFIER

  • control field: OSt

005 - DATE AND TIME OF LATEST TRANSACTION

  • control field: 20230313130650.0

008 - FIXED-LENGTH DATA ELEMENTS

  • fixed length control field: 230313|| aca||aabn | a|a d

040 ## - CATALOGING SOURCE

  • Original cataloging agency: OSt
  • Transcribing agency: OSt

100 ## - HEADING--PERSONAL NAME

  • Personal name: Keskar D

670 ## - SOURCE DATA FOUND

  • Source citation: Work cat.: (OSt)131942: Keskar D., Mobile Telephony Devices:, 2009